General knowledge for kids - Statistics

General Stats
  • This quiz has been taken 1,796 times
  • The average score is 7 of 10
Answer Stats
Hint Answer % Correct
What planet is known for its rings? Saturn
93%
What's 6 x 8? 48
88%
Who is Luke Skywalker's dad? Darth Vader
87%
What ocean is Hawaii in? Pacific
83%
Who was the first president of the United States? Washington
76%
Who invented the light bulb? Edison
69%
Who was president during the civil war of the United States? Lincoln
63%
What amendment guarantees free speech? 1st
54%
When did Columbus discover America? 1492
46%
What is the cereal with a rabbit on it? Trix
40%
No matching quizzes found
Score Distribution
Percent of People with Each Score
Percentile by Number Answered
Your Score History
You have not taken this quiz